000 00614nam a22002057a 4500
005 20251108165305.0
008 250721s1994 xx 000 0 ara d
082 1 4 _a631.6/عبد
100 1 _aبلبع، عبد المنعم
245 1 0 _aتصحر الأراضي :
_bمشكلة عربية و عالمية /
250 _aط2
264 1 _aالإسكندرية :
_bمنشأة المعارف،
_c1994.
300 _a427ص
650 1 7 _aالتصحر
650 1 7 _aالزراعة
650 1 7 _aإستصلاح الأراضي
700 1 _aنسيم، ماهر جورجي
942 _2ddc
_cBK
999 _c24282
_d24282